=LDR 00000nam 2200000 4500 =001 NUTBA000000000002208 =005 20140609110325.0 =006 =007 =008 =020 ##$$a 979-533-926-5 =035 ##$$a 0010-061400000000151 =040 ##$$a NBPDMAT =082 ##$$a 620.004 620 28 =090 ##$$a 620.004 620 28 $b Pan p =245 ##$$a Panduan aplikatif rancang bangun elemen mesin dengan auto desk mechanical desktop 6.0 =260 ##$$a Yogyakarta : $b Andi, $c 2003 =300 ##$$a xiii, 429 hlm. : $b ilus. ; $c 23 cm. =650 ##$$a Teknik Mesin - Program Komputer Desktop =850 ##$$a NBPDMAT =990 ##$$a 21401262 =990 ##$$a 02850285 =990 ##$$a 20616982 =990 ##$$a 21401263 =990 ##$$a 21401264 =990 ##$$a 21401265 =990 ##$$a 21401266 =990 ##$$a 01201900285